Vyskúšajte nákup cez internet

Internet využívaný obchodnými firmami ako prostriedok na zvýšenie predaja. Výhody využitia internetu pri predaji. Obavy zákazníkov z možného podvodu a komplikácií. Právne predpisy rovnaké pre internetový predaj a pre predaj v obchode. Využitie internetového nákupu a jeho výhody pre zákazníka. Obozre...

Descripción completa

Guardado en:
Detalles Bibliográficos
Autor principal: Gigel, Milan
Formato: Capítulo de libro
Lenguaje:eslovaco
Materias:
Etiquetas: Agregar Etiqueta
Sin Etiquetas, Sea el primero en etiquetar este registro!

MARC

LEADER 00000naa$a2200000$$$4500
001 0022024
005 20230926070716.3
041 0 |a slo 
044 |a SK 
245 1 0 |a Vyskúšajte nákup cez internet  |c Milan Gigel 
520 |a Internet využívaný obchodnými firmami ako prostriedok na zvýšenie predaja. Výhody využitia internetu pri predaji. Obavy zákazníkov z možného podvodu a komplikácií. Právne predpisy rovnaké pre internetový predaj a pre predaj v obchode. Využitie internetového nákupu a jeho výhody pre zákazníka. Obozretnosť pri internetovom nákupe. 
610 2 0 |a internet 
610 2 0 |a technológie informačné 
610 2 0 |a technológie komunikačné 
610 2 0 |a predaj 
610 2 0 |a nákup 
610 2 0 |a obchod elektronický 
610 2 0 |a zisk 
610 2 0 |a firmy 
610 2 0 |a zákazníci 
100 1 |a Gigel, Milan